| 000 | 01056nam a22003017i 4500 | ||
|---|---|---|---|
| 003 | EG-GICUC | ||
| 005 | 20260406135311.0 | ||
| 008 | 260406s1959 fr ||||fr|||| 000 0 fre d | ||
| 040 |
_aEG-GiCUC _bfre _cEG-GiCUC _dEG-GiCUC _eRda |
||
| 041 |
_afre _hfre |
||
| 082 | 0 | 4 |
_221 _a341.9 _bDU . I |
| 092 | 0 | 4 | _221 |
| 099 | _aLaw 11 341.9 DU . I 1959 | ||
| 100 | 1 |
_aDuchemin, Edouard _eAuteur |
|
| 245 | 1 | 1 |
_aL' indicateur l' etudiant en droit 1959-1960 : _bcapacite - licence - doctrat - agregation C.A.P.A / _cPar Edouard Duchemin. |
| 264 | 1 |
_aParis; _bLibrairie de jurisprudence ancienne et moderne, _c1959. |
|
| 300 |
_a390 page : _billustration ; _c 24 cm. |
||
| 336 |
_2rda contenu _a texte |
||
| 337 |
_2rda medias _aOrdinateur |
||
| 338 |
_2 transporteur rda _a Ressource en ligne |
||
| 504 | _aBibliography: pages 200-250. 240-220 | ||
| 546 | _aTexte en français | ||
| 650 | 1 |
_aDroit international Public _2qrmak |
|
| 651 | 1 | _2qrmak | |
| 856 | 4 | 0 | _uhttps://fll.law.cu.edu.eg/fulltext/bks/B11-08328.pdf |
| 905 | _a31 | ||
| 942 |
_2ddc _cBK _e21 _n0 |
||
| 999 |
_c69317 _d69317 |
||